|
|
|
|
| LEADER |
00000nam a22000007a 4500 |
| 008 |
210816b ||||| |||| 00| 0 eng d |
| 020 |
|
|
|a 9789388264921
|
| 100 |
|
|
|a GANESH, M.
|
| 245 |
|
|
|a Topology
|b a geometric approach
|c M.Ganesh
|g xvi, 195p;ill
|
| 260 |
|
|
|b Ane Books
|c 2019
|h New Delhi
|i 696782
|i 696783
|l QA611.G15
|m Typology
|
| 500 |
|
|
|a it includes references and index
|
| 942 |
|
|
|a lcc
|c BK
|e Johnson
|f 16/08/21
|
| 952 |
|
|
|0 0
|1 0
|2 lcc
|4 0
|6 QA0611 G15
|7 0
|9 3053
|a SL
|b HOL
|c QZ
|d 2021-08-16
|l 0
|o QA611.G15
|p 2021-66752
|r 2021-08-16 00:00:00
|w 2021-08-16
|y BK
|
| 952 |
|
|
|0 0
|1 0
|2 lcc
|4 0
|6 QA0611 G15
|7 0
|9 3054
|a HOL
|b HOL
|c QZ
|d 2021-08-16
|l 0
|o QA611.G15
|p 2021-66753
|r 2021-08-16 00:00:00
|w 2021-08-16
|y BK
|
| 999 |
|
|
|c 1547
|d 1547
|